Zeitschrift für das gesamte Kreditwesen Pflichtblatt der Frankfurter Wertpapierbörse

Enregistré dans:
Détails bibliographiques
Format: Publication en série
Langue:allemand
Publié: Frankfurt am Main Fritz Knapp Verlag 2006
Sujets:
Tags: Ajouter un tag
Pas de tags, Soyez le premier à ajouter un tag!

MARC

LEADER 00000nas2a22000001 4500
001 0109882
005 20100203154434.4
022 |a 0341-4019 
041 0 |a ger 
044 |a DE 
245 1 0 |a Zeitschrift für das gesamte Kreditwesen  |b Pflichtblatt der Frankfurter Wertpapierbörse 
264 1 |a Frankfurt am Main  |b Fritz Knapp Verlag  |c 2006 
773 0 |w eu_un_cat*s120296 
610 2 0 |a úver 
610 2 0 |a úverovanie 
610 2 0 |a politika úverová